El anteproyecto del Código civil español (1882-1888) / (Record no. 132746)

MARC details
000 -LEADER
campo de control de longitud fija 01141nam a2200253 i 4500
001 - NÚMERO DE CONTROL
campo de control 132746
003 - IDENTIFICADOR DE NÚMERO DE CONTROL
campo de control ES-MaACL
005 - FECHA Y HORA DE LA ÚLTIMA TRANSACCIÓN
campo de control 20250827040056.0
007 - CAMPO FIJO DE DESCRIPCIÓN FÍSICA--INFORMACIÓN GENERAL
campo de control de longitud fija t|
008 - DATOS DE LONGITUD FIJA--INFORMACIÓN GENERAL
campo de control de longitud fija 190604s1965 sp r ||||1| spa d
110 2# - ENTRADA PRINCIPAL--NOMBRE DE ENTIDAD CORPORATIVA
Nombre de entidad corporativa o nombre de jurisdicción como elemento de entrada España.
Unidad subordinada Comisión General de Codificación.
9 (RLIN) 3041
245 13 - MENCIÓN DEL TÍTULO
Título El anteproyecto del Código civil español (1882-1888) /
Mención de responsabilidad, etc. publicado con un estudio preliminar, notas y concordancias, por Manuel Peña Bernaldo de Quirós.
260 ## - PUBLICACIÓN, DISTRIBUCIÓN, ETC.
Lugar de publicación, distribución, etc. Madrid :
Nombre del editor, distribuidor, etc. Distribuido con la colaboración del Instituto Editorial Reus,
Fecha de publicación, distribución, etc. 1965.
300 ## - DESCRIPCIÓN FÍSICA
Extensión 777 p. ;
Dimensiones 24 cm.
490 1# - MENCIÓN DE SERIE
Mención de serie Centenario de la Ley del notariado. Sección cuarta, Fuentes y bibliografía ;
Designación de volumen o secuencia 1
504 ## - NOTA DE BIBLIOGRAFÍA, ETC.
Nota de bibliografía, etc. Bibliografía: p. [759]-764.
594 ## - Nota al título y mención de responsabilidad
Nota al título y mención de responsabilidad En la cubierta: Junta de Decanos de los Colegios Notariales de España.
650 #4 - PUNTO DE ACCESO ADICIONAL DE MATERIA--TÉRMINO DE MATERIA
Término de materia o nombre geográfico como elemento de entrada Derecho civil-
Subdivisión general Codificación-
Subdivisión geográfica España.
9 (RLIN) 161858
700 0# - ENTRADA AGREGADA--NOMBRE PERSONAL
Nombre de persona Peña Bernaldo de Quirós, Manuel.
9 (RLIN) 90252
710 2# - ENTRADA AGREGADA--NOMBRE DE ENTIDAD CORPORATIVA
Nombre de entidad corporativa o nombre de jurisdicción como elemento de entrada Junta de Decanos de los Colegios Notariales de España
9 (RLIN) 5388
830 00 - PUNTO DE ACCESO ADICIONAL DE SERIE-TÍTULO UNIFORME
Título uniforme Centenario de la Ley del Notariado
Designación de volumen o secuencia 1
9 (RLIN) 193346
852 ## - LOCALIZACIÓN
Ubicación ES-MaACL
Número de control de estantería L-32382
Holdings
Estatus retirado Estado de pérdida Estado de daño No para préstamo Biblioteca de origen Biblioteca actual Ubicación en estantería Fecha de adquisición Fuente de adquisición Total de préstamos Signatura topográfica completa Código de barras Visto por última vez Precio de reemplazo Tipo de ítem Koha
        Biblioteca del Ateneo de Madrid Biblioteca del Ateneo de Madrid Depósito 2 04/06/2019     L-32382 1200751 23/02/2023 23/02/2023 Libro impreso